[Event "Alexandria op 22nd"]
[Site "Alexandria"]
[Date "2017.08.10"]
[Round "10"]
[White "Mousa, Ahmed"]
[Black "Atea, Khaled"]
[Result "1/2-1/2"]
[WhiteElo "2226"]
[BlackElo "2174"]
[PlyCount "52"]
[EventDate "2017.08.02"]
[EventType "swiss"]
[EventRounds "10"]
[EventCountry "EGY"]
[SourceTitle "CBM 180 Extra"]
[Source "ChessBase"]
[SourceDate "2017.10.06"]
[SourceVersion "1"]
[SourceVersionDate "2017.10.06"]
[SourceQuality "1"]

1. e4 e6 2. d4 d5 3. Nd2 c5 4. c3 cxd4 5. cxd4 Nc6 6. Ngf3 dxe4 7. Nxe4 Bb4+ 8. Nc3 Nf6 9. Bd3 Be7 10. 0-0 0-0 11. a3 Bd7 12. Re1 Rc8 13. Bc2 Qa5 14. Bg5 Qd8 15. Qd3 g6 16. Bh6 Re8 17. h3 Bf8 18. Bg5 Be7 19. Rad1 Nd5 20. Bxe7 Ncxe7 21. Ne5 Rf8 22. Bb3 Bc6 23. Ne4 Nf5 24. Nxc6 Rxc6 25. Bxd5 exd5 26. Nc3 Rc4 1/2-1/2

[Event "Alexandria op 22nd"]
[Site "Alexandria"]
[Date "2017.08.05"]
[Round "5"]
[White "Mousa, Ahmed"]
[Black "Allam, Emad Hamdy"]
[Result "0-1"]
[WhiteElo "2226"]
[BlackElo "2086"]
[PlyCount "92"]
[EventDate "2017.08.02"]
[EventType "swiss"]
[EventRounds "10"]
[EventCountry "EGY"]
[SourceTitle "CBM 180 Extra"]
[Source "ChessBase"]
[SourceDate "2017.10.06"]
[SourceVersion "1"]
[SourceVersionDate "2017.10.06"]
[SourceQuality "1"]

1. e4 e5 2. Nf3 Nc6 3. d4 exd4 4. Bc4 Nf6 5. 0-0 Nxe4 6. Re1 d5 7. Bxd5 Qxd5 8. Nc3 Qh5 9. Nxe4 Be6 10. Bg5 Bd6 11. c4 h6 12. Nxd6+ cxd6 13. Bf4 Qc5 14. b4 Qxc4 15. Bxd6 Rd8 16. Bc5 d3 17. Nd2 Qd5 18. Qg4 b6 19. Qxg7 Kd7 20. Ne4 Kc8 21. Nf6 Qg5 22. Qxg5 hxg5 23. Be3 Nxb4 24. Bxg5 Kb7 25. Ne4 Nc2 26. Bxd8 Rxd8 27. Red1 Nxa1 28. Rxa1 d2 29. Rd1 Bxa2 30. Rxd2 Rxd2 31. Nxd2 Bd5 32. h4 f6 33. h5 a5 34. h6 Bg8 35. g4 a4 36. Nb1 b5 37. Nc3 Kc6 38. Kf1 a3 39. Na2 Kc5 40. Ke1 b4 41. Kd2 b3 42. Nc1 Kc4 43. f4 a2 44. g5 fxg5 45. fxg5 Bh7 46. g6 Bxg6 0-1

[Event "Alexandria op 22nd"]
[Site "Alexandria"]
[Date "2017.08.03"]
[Round "2"]
[White "Mousa, Ahmed"]
[Black "Helmy, Amro"]
[Result "1-0"]
[WhiteElo "2226"]
[BlackElo "2031"]
[PlyCount "78"]
[EventDate "2017.08.02"]
[EventType "swiss"]
[EventRounds "10"]
[EventCountry "EGY"]
[SourceTitle "CBM 180 Extra"]
[Source "ChessBase"]
[SourceDate "2017.10.06"]
[SourceVersion "1"]
[SourceVersionDate "2017.10.06"]
[SourceQuality "1"]

1. e4 e5 2. Nf3 Nc6 3. d4 exd4 4. Bc4 Nf6 5. 0-0 Nxe4 6. Re1 d5 7. Nxd4 Be7 8. Bb5 Bd7 9. c4 Nxd4 10. Bxd7+ Qxd7 11. Qxd4 Bb4 12. Bd2 Be7 13. Nc3 Nf6 14. Bg5 c5 15. Qxc5 Kf8 16. Qd4 Rd8 17. Rad1 h6 18. Bh4 g5 19. Bg3 dxc4 20. Qe5 Qe6 21. Rxd8+ Bxd8 22. Qc5+ Be7 23. Rxe6 Bxc5 24. Rxf6 Be7 25. Rf5 Rg8 26. Nd5 Rg6 27. h4 Bd6 28. Bxd6+ Rxd6 29. hxg5 hxg5 30. Rxg5 a6 31. a4 b5 32. axb5 axb5 33. Ne3 Rb6 34. Kf1 f6 35. Rc5 Ke7 36. Ke2 Kd6 37. Rxc4 bxc4 38. Nxc4+ Kc5 39. Nxb6 Kxb6 1-0

[Event "Cairo Masters op"]
[Site "Cairo"]
[Date "2014.02.25"]
[Round "7"]
[White "Fawzy, Adham"]
[Black "Mousa, Ahmed"]
[Result "1-0"]
[WhiteElo "2010"]
[BlackElo "2237"]
[PlyCount "83"]
[EventDate "2014.02.20"]
[EventType "swiss"]
[EventRounds "9"]
[EventCountry "EGY"]
[SourceTitle "EXT 2015"]
[Source "ChessBase"]
[SourceDate "2014.11.20"]
[SourceVersion "1"]
[SourceVersionDate "2014.11.20"]
[SourceQuality "1"]

1. e4 c5 2. Nf3 Nc6 3. Bb5 Na5 4. c3 a6 5. Ba4 e6 6. d4 cxd4 7. cxd4 Nf6 8. Nc3 b5 9. Bc2 Bb7 10. Bg5 h6 11. Bxf6 Qxf6 12. 0-0 Rc8 13. Ne2 h5 14. h4 Qd8 15. b3 Be7 16. g3 Qc7 17. Bd3 Ba3 18. Nf4 Nc6 19. Qd2 Nb4 20. Qe3 Qc3 21. Rad1 Nc2 22. Qe2 Nb4 23. Bb1 Qc7 24. Ng5 g6 25. e5 Nd5 26. Nxd5 Bxd5 27. Be4 Be7 28. Bxd5 Bxg5 29. Bg2 Bh6 30. f4 Qb6 31. Kh2 Rc3 32. d5 0-0 33. dxe6 dxe6 34. Rd6 Qc7 35. Rxa6 Rd8 36. Qxb5 Rc2 37. Rc6 Rdd2 38. Rf2 Rxc6 39. Rxd2 Rc1 40. Qe8+ Bf8 41. Rd7 Qxd7 42. Qxd7 1-0

[Event "Cairo Masters op"]
[Site "Cairo"]
[Date "2014.02.22"]
[Round "3"]
[White "Mousa, Ahmed"]
[Black "Abo Ela, Sayed"]
[Result "1/2-1/2"]
[WhiteElo "2237"]
[BlackElo "2083"]
[PlyCount "64"]
[EventDate "2014.02.20"]
[EventType "swiss"]
[EventRounds "9"]
[EventCountry "EGY"]
[SourceTitle "EXT 2015"]
[Source "ChessBase"]
[SourceDate "2014.11.20"]
[SourceVersion "1"]
[SourceVersionDate "2014.11.20"]
[SourceQuality "1"]

1. e4 e6 2. d4 d5 3. Nd2 Nf6 4. Bd3 c5 5. c3 cxd4 6. cxd4 dxe4 7. Nxe4 Nxe4 8. Bxe4 f5 9. Bf3 Nc6 10. Ne2 Bd6 11. 0-0 0-0 12. a3 Kh8 13. b4 a6 14. Bb2 Ne7 15. Rc1 Nd5 16. Qb3 Bd7 17. Rfe1 Be8 18. Nc3 Bf7 19. Nxd5 exd5 20. g3 f4 21. Bxd5 Bxd5 22. Qxd5 fxg3 23. fxg3 Rf2 24. Re6 Bxg3 25. Qxd8+ Rxd8 26. hxg3 Rxb2 27. Rce1 Kg8 28. Re8+ Rxe8 29. Rxe8+ Kf7 30. Rb8 b5 31. Rb7+ Kf6 32. Ra7 g6 1/2-1/2

[Event "EGY-ch"]
[Site "Cairo"]
[Date "2013.03.30"]
[Round "5"]
[White "Elhares, Alaa"]
[Black "Mousa, Ahmed"]
[Result "0-1"]
[WhiteElo "1890"]
[BlackElo "2271"]
[PlyCount "50"]
[EventDate "2013.03.26"]
[EventType "swiss"]
[EventRounds "9"]
[EventCountry "EGY"]
[SourceTitle "CBM 153 Extra"]
[Source "ChessBase"]
[SourceDate "2013.04.22"]
[SourceVersion "1"]
[SourceVersionDate "2013.04.22"]
[SourceQuality "1"]

1. d4 g6 2. c4 Bg7 3. e4 d6 4. Nc3 Nc6 5. Nf3 Bg4 6. Be3 Bxf3 7. gxf3 e5 8. d5 Nd4 9. f4 c5 10. dxc6 bxc6 11. c5 dxc5 12. fxe5 Bxe5 13. Bg2 Rb8 14. 0-0 Rxb2 15. f4 Bg7 16. e5 Ne7 17. Rf2 Rxf2 18. Bxf2 0-0 19. Ne4 Nd5 20. Nxc5 Nxf4 21. Bxd4 Ne2+ 22. Kh1 Nxd4 23. Nb7 Qh4 24. Rc1 Bxe5 25. h3 Qf4 0-1

[Event "Egypt op"]
[Site "Egypt"]
[Date "2009.07.22"]
[Round "3"]
[White "Mousa, Ahmed"]
[Black "Ghanaym, Mohamed Ayman"]
[Result "0-1"]
[WhiteElo "2231"]
[BlackElo "1991"]
[PlyCount "60"]
[EventDate "2009.07.20"]
[EventType "swiss"]
[EventRounds "9"]
[EventCountry "EGY"]
[SourceTitle "EXT 2011"]
[Source "ChessBase"]
[SourceDate "2010.11.26"]
[SourceVersion "1"]
[SourceVersionDate "2010.11.26"]
[SourceQuality "1"]

1. e4 e5 2. d4 exd4 3. Nf3 Nc6 4. Bc4 Bc5 5. c3 Nf6 6. 0-0 d5 7. exd5 Nxd5 8. Re1+ Be6 9. Ng5 Qd7 10. Nxe6 fxe6 11. Qh5+ Kf8 12. b4 Be7 13. b5 Na5 14. Qf3+ Bf6 15. Bf1 dxc3 16. Na3 Kg8 17. Nc4 Nxc4 18. Bxc4 c6 19. bxc6 bxc6 20. Ba3 Kf7 21. Rad1 Rhe8 22. Bd3 g6 23. Qh3 Kg7 24. Bc2 Rad8 25. Bc1 Kg8 26. Rd3 e5 27. Qf3 e4 28. Qxf6 exd3 29. Rxe8+ Rxe8 30. Qxc3 dxc2 0-1

[Event "Sohag op"]
[Site "Sohag"]
[Date "2009.03.02"]
[Round "2"]
[White "Nader, Mohamed"]
[Black "Mousa, Ahmed"]
[Result "1-0"]
[WhiteElo "2033"]
[BlackElo "2229"]
[PlyCount "85"]
[EventDate "2009.03.02"]
[EventType "swiss"]
[EventRounds "9"]
[EventCountry "EGY"]
[SourceTitle "CBM 129 Extra"]
[Source "ChessBase"]
[SourceDate "2009.05.05"]
[SourceVersion "2"]
[SourceVersionDate "2009.05.20"]
[SourceQuality "1"]

1. d4 Nf6 2. Nf3 c5 3. c3 cxd4 4. cxd4 g6 5. Nc3 Bg7 6. e4 0-0 7. Bd3 d6 8. h3 Nc6 9. Be3 e5 10. d5 Ne7 11. Rc1 a6 12. 0-0 b5 13. b4 Bd7 14. Nd2 Nh5 15. a4 f5 16. f3 f4 17. Bf2 Qe8 18. axb5 axb5 19. Ra1 Rc8 20. Qb3 g5 21. Ra7 Rb8 22. Rfa1 Nf6 23. R1a6 Nc8 24. Ra8 Rxa8 25. Rxa8 h5 26. Rb8 g4 27. Bxb5 gxh3 28. gxh3 Qg6+ 29. Kh2 Bxh3 30. Kxh3 Ng4 31. fxg4 hxg4+ 32. Kg2 f3+ 33. Nxf3 gxf3+ 34. Kf1 Qg5 35. Qc2 Bh6 36. Ke1 Qg4 37. Nd1 Bf4 38. Ne3 Qh3 39. Nf5 Qh1+ 40. Bf1 Qh2 41. Rxc8 Bd2+ 42. Qxd2 Rxc8 43. Qg5+ 1-0

[Event "Mahalla op 11th"]
[Site "Mahalla"]
[Date "2009.01.31"]
[Round "3"]
[White "Hesham, Abdelrahman"]
[Black "Mousa, Ahmed"]
[Result "1-0"]
[WhiteElo "2085"]
[BlackElo "2229"]
[PlyCount "83"]
[EventDate "2009.01.30"]
[EventType "swiss"]
[EventRounds "9"]
[EventCountry "EGY"]
[SourceTitle "CBM 128 Extra"]
[Source "ChessBase"]
[SourceDate "2009.03.05"]
[SourceVersion "2"]
[SourceVersionDate "2009.03.25"]
[SourceQuality "1"]

1. d4 Nf6 2. c4 c5 3. d5 b5 4. cxb5 a6 5. b6 d6 6. Nc3 Nbd7 7. e4 Qxb6 8. Nf3 g6 9. a4 Bg7 10. a5 Qc7 11. Be2 0-0 12. 0-0 Rb8 13. h3 Rb4 14. Qc2 Qb8 15. Ra2 Ne8 16. Bg5 Ndf6 17. Na4 Rxe4 18. Nb6 Rb4 19. Bd2 Rxb6 20. axb6 Qxb6 21. Bc4 Nc7 22. Ba5 Qa7 23. Bxc7 Qxc7 24. Re1 Bb7 25. Qe2 h6 26. Ra3 Re8 27. Re3 Bf8 28. Nh2 Qb8 29. Qd3 Qa8 30. Rd1 Bg7 31. Nf1 Nd7 32. b3 Ne5 33. Qe2 Bf6 34. Ng3 Bg5 35. Rc3 e6 36. dxe6 Bf4 37. exf7+ Nxf7 38. Qg4 d5 39. Qxg6+ Kf8 40. Rf3 Qb8 41. Nh5 Re4 42. g3 1-0

[Event "Assiut op 04th"]
[Site "Assiut"]
[Date "2008.07.23"]
[Round "5"]
[White "Sadek, Sameh"]
[Black "Mousa, Ahmed"]
[Result "0-1"]
[WhiteElo "2274"]
[BlackElo "2218"]
[PlyCount "82"]
[EventDate "2008.07.19"]
[EventType "swiss"]
[EventRounds "9"]
[EventCountry "EGY"]
[SourceTitle "EXT 2009"]
[Source "ChessBase"]
[SourceDate "2008.11.26"]
[SourceVersion "1"]
[SourceVersionDate "2008.11.26"]
[SourceQuality "1"]

1. d4 Nf6 2. Nf3 c5 3. c3 cxd4 4. cxd4 g6 5. Nc3 Bg7 6. e4 0-0 7. Bd3 d6 8. h3 Nc6 9. Be3 e5 10. d5 Nb4 11. Be2 a5 12. a3 Na6 13. Rc1 b6 14. Nd2 Nd7 15. Nc4 Ndc5 16. b4 axb4 17. axb4 Nxb4 18. Rb1 Na2 19. Nb5 Nxe4 20. Bxb6 Qe7 21. Qb3 Bd7 22. Nc7 Ra4 23. Ra1 Nac3 24. Rc1 Qg5 25. Ne3 Nxe2 26. Kxe2 Rb8 27. Ne6 fxe6 28. dxe6 Be8 29. Nd5 Qd2+ 30. Kf3 Nc5 31. Rxc5 dxc5 32. Rd1 e4+ 33. Kg3 Be5+ 34. f4 exf3+ 35. Kxf3 Rf4+ 36. Nxf4 Bc6+ 37. Nd5 Rf8+ 38. Ke4 Qf4+ 39. Kd3 Qd4+ 40. Ke2 Qf2+ 41. Kd3 Qxg2 0-1

[Event "Tanta op 3rd"]
[Site "Tanta"]
[Date "2000.05.12"]
[Round "9"]
[White "Sameeh, Hany"]
[Black "Mousa, Ahmed"]
[Result "1-0"]
[WhiteElo "2292"]
[BlackElo "2281"]
[PlyCount "68"]
[EventDate "2000.05.03"]
[EventType "swiss"]
[EventRounds "9"]
[EventCountry "EGY"]
[SourceTitle "CBM 076 Extra"]
[Source "ChessBase"]
[SourceDate "2000.07.11"]
[SourceVersion "1"]
[SourceVersionDate "2000.07.11"]
[SourceQuality "1"]

1. e4 c5 2. Nf3 Nc6 3. d4 cxd4 4. Nxd4 e5 5. Nb5 d6 6. c4 Be6 7. N1c3 a6 8. Na3 Rc8 9. Bd3 Be7 10. 0-0 Bg5 11. Nd5 Bxc1 12. Rxc1 Nge7 13. Nc2 0-0 14. Qd2 Ng6 15. b4 Qh4 16. g3 Qh3 17. f3 Kh8 18. a4 Nce7 19. Nce3 Qh6 20. Qe2 Qg5 21. Nxe7 Nxe7 22. b5 axb5 23. axb5 g6 24. Kg2 f5 25. Rcd1 f4 26. Nd5 Bxd5 27. cxd5 h5 28. Qd2 h4 29. g4 h3+ 30. Kxh3 Kg7 31. Kg2 Rh8 32. Rc1 Qh4 33. Kg1 Qh3 34. Qf2 Ra8 1-0

[Event "Tanta op 3rd"]
[Site "Tanta"]
[Date "2000.05.07"]
[Round "5"]
[White "Rahman, Yehya"]
[Black "Mousa, Ahmed"]
[Result "1/2-1/2"]
[WhiteElo "2273"]
[BlackElo "2281"]
[PlyCount "150"]
[EventDate "2000.05.03"]
[EventType "swiss"]
[EventRounds "9"]
[EventCountry "EGY"]
[SourceTitle "CBM 076 Extra"]
[Source "ChessBase"]
[SourceDate "2000.07.11"]
[SourceVersion "1"]
[SourceVersionDate "2000.07.11"]
[SourceQuality "1"]

1. d4 g6 2. c4 Bg7 3. Nc3 d6 4. e4 Nc6 5. Nge2 e5 6. Be3 f5 7. f3 fxe4 8. Nxe4 Bf5 9. d5 Bxe4 10. fxe4 Nb8 11. Nc3 Bh6 12. Bf2 Nf6 13. Be2 0-0 14. 0-0 Nbd7 15. Bf3 a6 16. a3 Qe7 17. b4 Rf7 18. Kh1 Raf8 19. Ra2 Kh8 20. Rc2 b6 21. g3 Ne8 22. Bg2 Ng7 23. Bg1 Rxf1 24. Bxf1 Nh5 25. Be2 Ndf6 26. c5 bxc5 27. bxc5 Qd7 28. Kg2 dxc5 29. Bxc5 Rb8 30. Qd3 a5 31. Qf3 Rb3 32. Bc4 Rb8 33. a4 Bf8 34. Bb5 Qg7 35. Ba7 Rd8 36. Bc6 Bb4 37. Qe2 Rf8 38. Na2 Bd6 39. Nc3 Qh6 40. Be3 g5 41. Kg1 Qg6 42. Bf2 Rg8 43. Kh1 Bb4 44. Be1 Rf8 45. Bb5 Bxc3 46. Bxc3 Nxe4 47. Bxe5+ Kg8 48. Rc6 Nf2+ 49. Qxf2 Rxf2 50. Rxg6+ hxg6 51. Bxc7 Nf6 52. Kg1 Rc2 53. Bc6 Kh7 54. Bxa5 Nxd5 55. Bxd5 Rc5 56. Bb6 Rxd5 57. a5 Rb5 58. Kf2 Kg7 59. Ke3 Kf6 60. Bd4+ Ke6 61. a6 Ra5 62. a7 Kd7 63. Bb6 Ra3+ 64. Kd2 Kc6 65. Be3 g4 66. Bd4 Kb7 67. Ke2 Ra2+ 68. Ke3 Rxh2 69. Kf4 Ra2 70. Kg5 Ra3 71. Bf2 Rf3 72. Be1 Rf1 73. Bd2 Rd1 74. Bf4 Rd4 75. Bb8 Ra4 1/2-1/2

[Event "Tanta op 3rd"]
[Site "Tanta"]
[Date "2000.05.03"]
[Round "1"]
[White "Mousa, Ahmed"]
[Black "Pisk, Petr"]
[Result "0-1"]
[WhiteElo "2281"]
[BlackElo "2407"]
[PlyCount "62"]
[EventDate "2000.05.03"]
[EventType "swiss"]
[EventRounds "9"]
[EventCountry "EGY"]
[SourceTitle "CBM 076 Extra"]
[Source "ChessBase"]
[SourceDate "2000.07.11"]
[SourceVersion "1"]
[SourceVersionDate "2000.07.11"]
[SourceQuality "1"]

1. e4 c5 2. Nf3 Nc6 3. d4 cxd4 4. Nxd4 e5 5. Nb5 d6 6. c4 Be6 7. N1c3 a6 8. Na3 Rc8 9. Be2 Be7 10. 0-0 Nf6 11. Bg5 0-0 12. Bxf6 Bxf6 13. Nd5 Bg5 14. Bg4 g6 15. Nc2 f5 16. Bh3 Ne7 17. exf5 gxf5 18. Nce3 Bxe3 19. Nxe3 Bxc4 20. Bxf5 Nxf5 21. Nxc4 Rf7 22. Qg4+ Kh8 23. Rac1 Rc6 24. Rc3 Nd4 25. Kh1 Qf8 26. Qh5 Nb5 27. Rc2 Rf5 28. Qh3 Nd4 29. Rcc1 Rxf2 30. Qd3 Qf4 31. Rce1 Nf3 0-1